| 000 | 00411cam a22001337a 4500 | ||
|---|---|---|---|
| 008 | 180718b1982 xxu||||| |||| 00| 0 eng d | ||
| 082 | _aT000x5471 So12 | ||
| 100 | _aSobhan, R. | ||
| 245 |
_aCrisis of external dependence _cby R. Sobhan |
||
| 260 |
_aDacca _bBangladesh University Press _c1982 |
||
| 300 | _a252p. | ||
| 650 | _aBangladesh --Foreign economic relations | ||
| 650 | _aEconomic assistance --Bangladesh | ||
| 999 |
_c354652 _d354652 |
||